| 000 | 00650cam a2200229 4500500 | ||
|---|---|---|---|
| 005 | 20260405003642.0 | ||
| 041 | _afre | ||
| 042 | _adc | ||
| 100 | 1 | 0 |
_aNathan, Tobie _eauthor |
| 245 | 0 | 0 | _aBroderie féministe. De filles en aiguille |
| 260 | _c2023. | ||
| 500 | _a24 | ||
| 690 | _aAfrique | ||
| 690 | _aCouture | ||
| 690 | _aÉmancipation | ||
| 690 | _aFemmes | ||
| 690 | _aLibération | ||
| 690 | _aParole | ||
| 690 | _aTobie Nathan | ||
| 786 | 0 | _nPhilosophie magazine | 167 | 2 | 2023-03-01 | p. 16-16 | 1951-1787 | |
| 856 | 4 | 1 | _uhttps://shs.cairn.info/magazine-philosophie-magazine-2023-2-page-16?lang=fr&redirect-ssocas=7080 |
| 999 |
_c2069629 _d2069629 |
||